Optimalizácia procesu doplnenia tovaru
Skladovanie je komplexný proces. Pri optimalizovaní procesov je potrebné brať na zreteľ aj podporné procesy. Medzi tieto procesy sa radí aj dopĺňanie tovaru. Efektívny proces doplnenia tovaru prinesie až WMS systém, ktorý využíva súhrn možných optimalizačných metód a je schopný využiť ich maximálne.
Salvato in:
| Autore principale: | |
|---|---|
| Natura: | Capitolo di libro |
| Lingua: | slovacco |
| Soggetti: | |
| Tags: |
Nessun Tag, puoi essere il primo ad aggiungerne!!
|
MARC
| LEADER | 00000nla a2200000 4500 | ||
|---|---|---|---|
| 001 | 0162710 | ||
| 005 | 20251028134054.7 | ||
| 041 | 0 | |a slo | |
| 044 | |a SK | ||
| 245 | 1 | 0 | |a Optimalizácia procesu doplnenia tovaru |c Michal Gallik |
| 520 | |a Skladovanie je komplexný proces. Pri optimalizovaní procesov je potrebné brať na zreteľ aj podporné procesy. Medzi tieto procesy sa radí aj dopĺňanie tovaru. Efektívny proces doplnenia tovaru prinesie až WMS systém, ktorý využíva súhrn možných optimalizačných metód a je schopný využiť ich maximálne. | ||
| 610 | 2 | 0 | |a skladovanie |
| 610 | 2 | 0 | |a sklady |
| 610 | 2 | 0 | |a tovar |
| 610 | 2 | 0 | |a procesy podnikové |
| 610 | 2 | 0 | |a výkonnosť |
| 610 | 2 | 0 | |a systémy informačné |
| 610 | 2 | 0 | |a zásoby |
| 610 | 2 | 0 | |a logistika |
| 610 | 2 | 0 | |a optimalizácia |
| 100 | 1 | |a Gallik, Michal, 1986- | |